Normal view MARC view
  • Nutrición

Entry Materia

Number of records used in: 5

001 - NÚMERO DE CONTROL DEL REGISTRO

  • campo de control: 19741

003 - IDENTIFICADOR DE NUMERO DE CONTROL

  • campo de control: UPN

005 - FECHA Y HORA DE LA ÚLTIMA TRANSACCIÓN

  • campo de control: 20240412093754.0

008 - DATOS DE LONGITUD FIJA

  • campo de control de longitud fija: 240412n||acnnnbabn | a|a |d

035 ## - NÚMERO DE CONTROL DEL SISTEMA

  • Número de control del sistema: UPN10000019750

040 ## - FUENTE DE LA CATALOGACIÓN

  • Lengua de catalogación: spa
  • Agencia de transcripción: MX-MxUPN
  • Centro catalogador de origen: MX-MxUPN

150 ## - ENCABEZAMIENTO - TEMÁTICO

  • Término de materia o nombre geográfico como elemento inicial: Nutrición
  • Subdivisión de materia general: Estudio y enseñanza (Secundaria)

670 ## - FUENTE EN LA QUE SE LOCALIZARON DATOS

  • Cita de la fuente: Autoridades BGTQ, 12 abril 2024:
  • Información localizada: (Nutrición- Estudio y enseñanza (Secundaria))

902 ## - CATALOGADOR

  • Catalogador: EMR/160112
  • Catalogador: MaríaRobles/120424